=LDR 00000nam 2200000 4500 =001 INLIS000000000046494 =005 20150326122136.0 =006 =007 =008 =035 ##$$0010-031500000000266 =040 ##$$a Ind =082 ##$$a 658.3 =090 ##$$a 658.3$bWin k =100 ##$$a Winardi =245 ##$$a Konsultasi manajemen$cDr. Winardi, S.E =250 ##$$a Cet. 5 =260 ##$$a Bandung$cAlumi$c1985 =300 ##$$a Xvii,498 Hlm$bIlus$c21 cm. =850 ##$$a NBPDMAT =990 ##$$a 0001/BPAP-NTB/20142015